000 00618nam a2200205Ia 4500
003 GCL
008 140319s9999 xx 000 0 ara d
040 _aGCL /
_cGCL
082 0 4 _a791.43
_bا ف
100 1 _aعبدالعزيز فهمى
245 1 0 _aفن السينما /
_cعبدالعزيز فهمى
700 1 _aعبدالرحمن الشرقاوى
700 1 _aصلاح التهامى (مترجم)
700 1 _aارنهيم، رودلف
300 _a232 ص
490 _aالهيئة العامة للاستعلامات
_v0
650 0 4 _aالسينما
650 0 4 _aالافلام
942 _2ddc
_cBK
999 _c49920
_d49920